|
|
|
|
| LEADER |
00000naa2a2200000 4500 |
| 001 |
152359 |
| 005 |
20231031150950.0 |
| 035 |
|
|
|a (RuTPU)RU\TPU\book\165189
|
| 035 |
|
|
|a RU\TPU\tpu\15346
|
| 090 |
|
|
|a 152359
|
| 100 |
|
|
|a 20090130d1968 k y0rusy50 ca
|
| 101 |
0 |
|
|a rus
|
| 102 |
|
|
|a RU
|
| 200 |
1 |
|
|a Кинетика разложения и влияние добавок на фазообразование талька при обжиге
|f П. Г. Усов, Н. В. Собора
|
| 463 |
|
0 |
|0 (RuTPU)RU\TPU\book\157605
|t XI Областная научно-техническая конференция, посвященная Дню радио (16-19 апреля 1968)
|o материалы конференции
|h Секция VI радиоэлектроники
|v С. 20
|d 1968
|p 34 с.
|
| 610 |
1 |
|
|a труды учёных ТПУ
|
| 700 |
|
1 |
|a Усов
|b П. Г.
|c химик
|c профессор Томского политехнического института, доктор технических наук
|f 1905-1977
|g Петр Григорьевич
|2 stltpush
|3 (RuTPU)RU\TPU\pers\7821
|
| 701 |
|
1 |
|a Собора
|b Н. В.
|
| 801 |
|
1 |
|a RU
|b 63413507
|c 20081124
|g PSBO
|
| 801 |
|
2 |
|a RU
|b 63413507
|c 20161202
|g PSBO
|
| 942 |
|
|
|c BK
|